[Event "Stare Mesto OPEN"]
[Site "?"]
[Date "2004.08.19"]
[Round "8.7"]
[White "Sosna, Jan"]
[Black "Grecescu, Gabriel-Andrei"]
[Result "1-0"]
[WhiteElo "2422"]
[BlackElo "2264"]
[PlyCount "123"]
[EventDate "2004.??.??"]
[SourceDate "2004.08.19"]

1. d4 Nf6 2. Nf3 e6 3. Bg5 h6 4. Bxf6 Qxf6 5. e4 b6 6. Nbd2 Bb7 7. Bd3 g6 8.
O-O Bg7 9. c3 O-O 10. a4 Nc6 11. Re1 d6 12. Nc4 Rad8 13. Ne3 a5 14. Qe2 h5 15.
Rad1 Ne7 16. Qc2 Qf4 17. Nd2 Nc6 18. g3 Qf6 19. f4 Nb8 20. Nf3 Nd7 21. Rf1 Qe7
22. Rde1 e5 23. Nd5 Bxd5 24. exd5 f5 25. Ng5 Rf6 26. Ne6 Rc8 27. fxe5 dxe5 28.
dxe5 Rf7 29. Nxg7 Rxg7 30. Qe2 Qc5+ 31. Qe3 Qxe3+ 32. Rxe3 Re7 33. Rfe1 Rce8
34. e6 Nf6 35. Bb5 Rd8 36. c4 Kg7 37. Rb1 Ne4 38. b4 axb4 39. Rxb4 Kf6 40. Ra3
h4 41. gxh4 Rh8 42. Rh3 Ke5 43. Kg2 g5 44. hxg5 Rg8 45. Rf3 Rxg5+ 46. Kh1 Nd2
47. Rg3 Rxg3 48. hxg3 Kd4 49. a5 bxa5 50. Ra4 Kc5 51. Kg2 Rg7 52. Rxa5 f4 53.
Bc6+ Kd4 54. c5 Rxg3+ 55. Kf2 Ne4+ 56. Kf1 Rf3+ 57. Kg2 Rg3+ 58. Kh2 Nf6 59.
Ra4+ Ke5 60. Ra2 Re3 61. Rd2 Ng4+ 62. Kg1 1-0

[Event "Stare Mesto OPEN"]
[Site "?"]
[Date "2004.08.19"]
[Round "8.8"]
[White "Ozeren, Kemal"]
[Black "Hausner, Ivan"]
[Result "1/2-1/2"]
[WhiteElo "2228"]
[BlackElo "2419"]
[PlyCount "92"]
[EventDate "2004.??.??"]
[SourceDate "2004.08.19"]

1. d4 d6 2. c4 e5 3. d5 Nf6 4. Nc3 g6 5. e4 Bg7 6. Be2 a5 7. Nf3 Na6 8. Bg5 h6
9. Bh4 O-O 10. Nd2 Qe8 11. O-O Nh7 12. a3 Bd7 13. Kh1 a4 14. Nb5 Bxb5 15. cxb5
Nc5 16. f3 b6 17. Bf2 h5 18. Bxc5 bxc5 19. Nb1 Bh6 20. Nc3 Be3 21. Nxa4 h4 22.
Nc3 Qe7 23. a4 Kg7 24. a5 Nf6 25. Bc4 Nh5 26. Ne2 Rh8 27. h3 Ng3+ 28. Nxg3 hxg3
29. Re1 Qg5 30. Re2 Rh4 31. Rc2 Rah8 32. Bf1 R8h5 33. Qe1 Qh6 34. Qxg3 Rg5 35.
Qh2 Bf4 36. Qg1 Rg3 37. Ra3 Rhxh3+ 38. gxh3 Rxg1+ 39. Kxg1 Be3+ 40. Kh1 Qg5 41.
Rg2 Qf4 42. a6 Qxf3 43. Rxe3 Qxe3 44. a7 Qc1 45. a8=Q Qxf1+ 46. Kh2 Qf4+
1/2-1/2

[Event "Stare Mesto OPEN"]
[Site "?"]
[Date "2004.08.19"]
[Round "8.9"]
[White "Knotek, Josef"]
[Black "Kireev, Alexei"]
[Result "0-1"]
[WhiteElo "2239"]
[BlackElo "2358"]
[PlyCount "96"]
[EventDate "2004.??.??"]
[SourceDate "2004.08.19"]

1. d4 g6 2. e4 d6 3. f4 c6 4. Nf3 d5 5. Bd3 h5 6. c3 Nh6 7. Nbd2 Qc7 8. Ne5 Nd7
9. Ndf3 dxe4 10. Bxe4 Nf6 11. Bd3 Bf5 12. Ng5 e6 13. Bxf5 gxf5 14. Qe2 Bd6 15.
O-O Qe7 16. b4 Rg8 17. Bd2 Nfg4 18. h3 f6 19. Nef3 fxg5 20. fxg5 Nf7 21. Rae1
Bg3 22. hxg4 hxg4 23. Qxe6 Bxe1 24. Qxe7+ Kxe7 25. Rxe1+ Kd7 26. Nh4 Nd6 27.
Bf4 Rae8 28. Re5 Rxe5 29. dxe5 Nc8 30. Nxf5 Rf8 31. e6+ Kxe6 32. Nd4+ Kd5 33.
g3 Ne7 34. Kf2 Kc4 35. Ne6 Rg8 36. Ke3 Nd5+ 37. Ke4 Nxc3+ 38. Kf5 Kxb4 39. Bd6+
Kc4 40. a3 a5 41. g6 b5 42. g7 b4 43. Bxb4 axb4 44. axb4 Ne2 45. Kf6 Nxg3 46.
Kf7 Rxg7+ 47. Kxg7 Ne2 48. Ng5 g3 0-1

[Event "Stare Mesto OPEN"]
[Site "?"]
[Date "2004.08.19"]
[Round "8.10"]
[White "Mojzis, Jaroslav"]
[Black "Karlik, Vladimir"]
[Result "1/2-1/2"]
[WhiteElo "2217"]
[BlackElo "2348"]
[PlyCount "42"]
[EventDate "2004.??.??"]
[SourceDate "2004.08.19"]

1. Nf3 Nf6 2. g3 b6 3. Bg2 Bb7 4. O-O e6 5. d3 d5 6. Nbd2 Be7 7. e4 c5 8. e5
Nfd7 9. Re1 Nc6 10. Nf1 g5 11. h3 h6 12. c4 dxc4 13. dxc4 Qc7 14. Qe2 O-O-O 15.
Bd2 h5 16. Bc3 Nf8 17. a3 Ng6 18. b4 h4 19. b5 Nd4 20. Nxd4 cxd4 21. Bb4 Bxg2
1/2-1/2

[Event "Stare Mesto OPEN"]
[Site "?"]
[Date "2004.08.19"]
[Round "8.11"]
[White "Kantorik, Marian"]
[Black "Schultz, Joern"]
[Result "1/2-1/2"]
[WhiteElo "2331"]
[BlackElo "2266"]
[PlyCount "119"]
[EventDate "2004.??.??"]
[SourceDate "2004.08.19"]

1. d4 Nf6 2. c4 e6 3. Nc3 Bb4 4. f3 c5 5. d5 Bxc3+ 6. bxc3 d6 7. e4 e5 8. Bd3
Nbd7 9. Ne2 Nf8 10. O-O Ng6 11. Be3 Qe7 12. Qd2 Nh5 13. Bg5 f6 14. Be3 Bd7 15.
Rf2 O-O-O 16. a4 Ngf4 17. Nxf4 exf4 18. Bxf4 Nxf4 19. Qxf4 g5 20. Qd2 Qe5 21.
Rb1 Kb8 22. a5 h5 23. f4 gxf4 24. Qxf4 Qxf4 25. Rxf4 Rh6 26. Rbf1 Rf8 27. Be2
Kc7 28. Rh4 Rfh8 29. Rhf4 Rf8 30. Kf2 Rg8 31. g3 Bh3 32. Rg1 Bd7 33. Rf1 Bh3
34. Rb1 Bd7 35. Ke3 Bc8 36. Rbf1 Rf8 37. R1f2 b6 38. axb6+ Kxb6 39. Bd1 Kc7 40.
Rh4 Rfh8 41. Kf4 Bd7 42. Ra2 Kb6 43. g4 hxg4 44. Rxh6 Rxh6 45. Bxg4 Be8 46. Bd1
Bd7 47. Ba4 Rh4+ 48. Kg3 Rh3+ 49. Kg2 Bc8 50. Rf2 Rxc3 51. Rxf6 Bh3+ 52. Kf2
Rxc4 53. Rxd6+ Ka5 54. Bd7 Bxd7 55. Rxd7 Rxe4 56. Rxa7+ Kb6 57. Rd7 c4 58. d6
Kc6 59. Rd8 Rh4 60. Kg3 1/2-1/2

[Event "Stare Mesto OPEN"]
[Site "?"]
[Date "2004.08.19"]
[Round "8.12"]
[White "Vyskocil, Neklan"]
[Black "Havranek, Miroslav"]
[Result "0-1"]
[WhiteElo "2305"]
[BlackElo "2238"]
[PlyCount "66"]
[EventDate "2004.??.??"]
[SourceDate "2004.08.19"]

1. e4 c5 2. Nf3 Nc6 3. Nc3 d6 4. Bc4 Nf6 5. d4 cxd4 6. Nxd4 a6 7. Nxc6 bxc6 8.
e5 Nd7 9. Bxf7+ Kxf7 10. Qf3+ Kg8 11. Qxc6 Nb6 12. Be3 Rb8 13. O-O-O Bd7 14.
Qe4 Qc8 15. exd6 e6 16. Rd4 a5 17. Bf4 Qb7 18. Re1 Qxe4 19. Nxe4 h6 20. Nc5 g5
21. Be5 Rh7 22. Re3 Rc8 23. Ne4 Bg7 24. Bxg7 Rxg7 25. Ra3 a4 26. Rb4 Nd5 27.
Rb7 Rf7 28. Kd2 e5 29. Rd3 Bc6 30. Rxf7 Kxf7 31. Nc5 Rd8 32. d7 Nb6 33. Rd6
Nc4+ 0-1

[Event "Stare Mesto OPEN"]
[Site "?"]
[Date "2004.08.19"]
[Round "8.13"]
[White "Weglarz, Leszek"]
[Black "Lasinskas, Povilas"]
[Result "1/2-1/2"]
[WhiteElo "2305"]
[BlackElo "2234"]
[PlyCount "60"]
[EventDate "2004.??.??"]
[SourceDate "2004.08.19"]

1. Nf3 c5 2. e3 b6 3. d4 Nf6 4. Be2 Bb7 5. O-O g6 6. a4 d6 7. a5 Na6 8. e4 Nc7
9. e5 Ne4 10. exd6 Nxd6 11. dxc5 bxc5 12. Nc3 Bg7 13. Na4 Ne6 14. Ng5 Nxg5 15.
Bxg5 Qxa5 16. Be3 Qc7 17. Nxc5 Bc6 18. Bd4 Bxd4 19. Qxd4 O-O 20. Qe5 a5 21.
Rfe1 Rfe8 22. Bf1 a4 23. Ra3 Ra5 24. b4 axb3 25. Rxa5 Qxa5 26. cxb3 Ra8 27. b4
Qxb4 28. Nd3 Qh4 29. Qxe7 Qxe7 30. Rxe7 Ra1 1/2-1/2

[Event "Stare Mesto OPEN"]
[Site "?"]
[Date "2004.08.19"]
[Round "8.14"]
[White "Maryasin, Boris"]
[Black "Tsifanskaya, Ludmila"]
[Result "1-0"]
[WhiteElo "2393"]
[BlackElo "2216"]
[PlyCount "69"]
[EventDate "2004.??.??"]
[SourceDate "2004.08.19"]

1. e4 c5 2. Nc3 Nc6 3. g3 g6 4. Bg2 Bg7 5. d3 Rb8 6. Be3 b5 7. Qd2 b4 8. Nd1 d6
9. Ne2 Nd4 10. O-O e5 11. c3 bxc3 12. bxc3 Nxe2+ 13. Qxe2 Ne7 14. f4 exf4 15.
gxf4 O-O 16. Rc1 f5 17. Qd2 Qa5 18. Bf2 Qc7 19. Bh4 Bb7 20. Ne3 Bf6 21. Bxf6
Rxf6 22. Rb1 Rff8 23. c4 Bc6 24. Rxb8 Qxb8 25. Nd5 Bxd5 26. cxd5 fxe4 27. dxe4
Qb6 28. Bh3 Qb4 29. Qxb4 cxb4 30. Be6+ Kg7 31. Kg2 Rb8 32. Rc1 b3 33. axb3 Rxb3
34. Rc7 Kf6 35. e5+ 1-0

[Event "Stare Mesto OPEN"]
[Site "?"]
[Date "2004.08.19"]
[Round "8.15"]
[White "Medunova, Vera"]
[Black "Mudrak, Josef"]
[Result "1/2-1/2"]
[WhiteElo "2191"]
[BlackElo "2353"]
[PlyCount "97"]
[EventDate "2004.??.??"]
[SourceDate "2004.08.19"]

1. e4 d6 2. d4 Nf6 3. Nc3 g6 4. Be2 Bg7 5. Be3 c6 6. a4 a5 7. h3 O-O 8. Nf3 Na6
9. O-O Nd7 10. Qd2 e5 11. Rad1 Qe7 12. Bc4 exd4 13. Nxd4 Ndc5 14. Bg5 Qc7 15.
Rfe1 Nb4 16. Re2 Re8 17. Qf4 Be6 18. Nxe6 Nxe6 19. Bxe6 Rxe6 20. Qg3 Na6 21.
Bf4 Qb6 22. Bxd6 Qxb2 23. e5 Nb4 24. Rb1 Qa3 25. Ne4 Qxg3 26. Nxg3 b5 27. Ne4
bxa4 28. Nc5 Ree8 29. Nxa4 Bf8 30. Rd2 Rad8 31. Nc5 f6 32. Nb7 Ra8 33. exf6 Nd5
34. Ra1 a4 35. Ra3 Bh6 36. Rd4 Nxf6 37. Rdxa4 Re1+ 38. Kh2 Rxa4 39. Rxa4 Ne4
40. f3 Nd2 41. f4 Rb1 42. Nc5 Bg7 43. g4 Nf1+ 44. Kg2 Ne3+ 45. Kf3 Nxc2 46.
Ra8+ Kf7 47. Ra7+ Kg8 48. Ra8+ Kf7 49. Ra7+ 1/2-1/2

[Event "Stare Mesto OPEN"]
[Site "?"]
[Date "2004.08.19"]
[Round "8.16"]
[White "Rachela, Milan"]
[Black "Valenta, Vit"]
[Result "1-0"]
[WhiteElo "2308"]
[BlackElo "2182"]
[PlyCount "167"]
[EventDate "2004.??.??"]
[SourceDate "2004.08.19"]

1. d4 Nf6 2. Nf3 g6 3. c4 Bg7 4. Nc3 O-O 5. e4 d6 6. Be2 e5 7. d5 Nbd7 8. Bg5
h6 9. Bh4 g5 10. Bg3 Nh5 11. h4 g4 12. Nd2 Nxg3 13. fxg3 h5 14. O-O Nf6 15. Kh2
a5 16. Rc1 Bh6 17. Rc2 Ne8 18. Bd3 Ng7 19. Qe1 Qe7 20. Nd1 f5 21. exf5 Nxf5 22.
Ne4 Bd7 23. Kg1 Rf7 24. Re2 b6 25. Bb1 Raf8 26. Ref2 Kg7 27. b3 Kg8 28. Bd3 Nd4
29. Ne3 Kg7 30. Kh2 Rxf2 31. Rxf2 Rxf2 32. Qxf2 Qf7 33. Qe1 Qf3 34. Ng5 Bxg5
35. hxg5 Qf8 36. c5 dxc5 37. Nc4 Qe7 38. Nxe5 Bf5 39. Bxf5 Nxf5 40. Qe4 Qxg5
41. Qa4 Ne7 42. Nd3 Qxd5 43. Nf4 Qe5 44. Qd7 Kf7 45. Qd3 Qf5 46. Qd8 Qe5 47.
Qd3 Ke8 48. Qh7 Kd8 49. Nxh5 Kc8 50. Nf4 Kb7 51. Qf7 Nf5 52. Qg6 Ne3 53. Qb1
Qf5 54. Qc1 Qe4 55. Qe1 a4 56. Qe2 Qh7+ 57. Kg1 Qb1+ 58. Kf2 Nd1+ 59. Kf1 Nc3+
60. Qe1 Qxe1+ 61. Kxe1 axb3 62. axb3 Ne4 63. Nd5 Kc6 64. Ne3 Nf6 65. Kd2 Kb5
66. Kc3 c6 67. Kb2 Ka6 68. Nc4 b5 69. Ne3 Kb6 70. Kc2 Kc7 71. Kd3 Kd6 72. Nf5+
Ke6 73. Ne3 Ke5 74. Nd1 Nd5 75. Nf2 Kf5 76. Nd1 Nb4+ 77. Kc3 Nd5+ 78. Kd3 Ke5
79. Nf2 Nf6 80. Nd1 c4+ 81. bxc4 b4 82. Nf2 c5 83. Ke3 Ne4 84. Nxe4 1-0

[Event "Stare Mesto OPEN"]
[Site "?"]
[Date "2004.08.19"]
[Round "8.17"]
[White "Vass, Frantisek"]
[Black "Jurcik, Marian"]
[Result "1/2-1/2"]
[WhiteElo "2156"]
[BlackElo "2278"]
[PlyCount "43"]
[EventDate "2004.??.??"]
[SourceDate "2004.08.19"]

1. d4 d6 2. c4 e5 3. d5 g6 4. e4 Bg7 5. Nc3 Ne7 6. h4 h5 7. Nf3 Nd7 8. Bd3 Ng8
9. Qe2 a5 10. Bd2 Bh6 11. O-O-O Nc5 12. Bc2 Bg4 13. Rdg1 Qf6 14. Bxh6 Nxh6 15.
Nb5 Kd8 16. Qe3 Bd7 17. Nc3 Ng4 18. Qd2 Qg7 19. Ng5 f6 20. Nh3 Qh6 21. Qxh6
Nxh6 22. f3 1/2-1/2

[Event "Stare Mesto OPEN"]
[Site "?"]
[Date "2004.08.19"]
[Round "8.18"]
[White "Vrana, Frantisek"]
[Black "Blaha, Petr"]
[Result "1-0"]
[WhiteElo "2275"]
[BlackElo "2162"]
[PlyCount "120"]
[EventDate "2004.??.??"]
[SourceDate "2004.08.19"]

1. d4 d5 2. c4 e6 3. Nc3 Nf6 4. Nf3 c5 5. cxd5 cxd4 6. Qa4+ Bd7 7. Qxd4 exd5 8.
Nxd5 Qa5+ 9. Nc3 Nc6 10. Qd1 O-O-O 11. Bd2 Bg4 12. e3 Bb4 13. Qb3 Rd7 14. Bb5
Bxf3 15. gxf3 Rxd2 16. Kxd2 Qxb5 17. Rad1 Bxc3+ 18. Qxc3 Qb4 19. Qxb4 Nxb4 20.
Rc1+ Kb8 21. Rc4 Rd8+ 22. Ke2 Nbd5 23. Rd1 Rc8 24. Kd3 Rxc4 25. Kxc4 Nb6+ 26.
Kd4 Kc7 27. f4 g6 28. f3 Kd6 29. Rd3 Nfd5 30. Ra3 Ne7 31. e4 Nc6+ 32. Kd3 f6
33. Rb3 Kc7 34. Rb5 a6 35. Rb3 Nd7 36. Ke3 Nc5 37. Rc3 Kd6 38. Rc1 Nd7 39. h4
h5 40. Rd1+ Ke6 41. a3 Ne7 42. Rc1 Kd6 43. Rd1+ Ke6 44. Rd3 b5 45. Rd1 Nb6 46.
b3 Nd7 47. Kd4 a5 48. Kc3 Nc6 49. Rd5 b4+ 50. axb4 axb4+ 51. Kc4 f5 52. Rd1
fxe4 53. fxe4 Nf6 54. Kc5 Ne7 55. Rd6+ Kf7 56. Kd4 Ne8 57. Rb6 Nc7 58. Ke5 Ne8
59. Rb7 Nf6 60. Rc7 Ng4+ 1-0

[Event "Stare Mesto OPEN"]
[Site "?"]
[Date "2004.08.19"]
[Round "8.19"]
[White "Dauth, Benjamin"]
[Black "Hecko, Dusan"]
[Result "1-0"]
[WhiteElo "2271"]
[BlackElo "2152"]
[PlyCount "69"]
[EventDate "2004.??.??"]
[SourceDate "2004.08.19"]

1. e4 g6 2. d4 Bg7 3. c3 c6 4. Be3 d6 5. Bd3 b6 6. Ne2 Na6 7. O-O Nc7 8. f4 Nf6
9. h3 O-O 10. f5 c5 11. Ng3 Bb7 12. Qd2 Qd7 13. Bh6 Rad8 14. Qg5 Nce8 15. Nd2
cxd4 16. cxd4 Kh8 17. Rad1 Ng8 18. Bxg7+ Nxg7 19. Rc1 Rc8 20. fxg6 fxg6 21.
Rxf8 Rxf8 22. Bb5 Qd8 23. Nf3 a6 24. Bc6 Bc8 25. e5 dxe5 26. Qxe5 Qd6 27. Bd5
Nf6 28. Bb3 Nd7 29. Qxd6 exd6 30. Ng5 d5 31. Bxd5 Nf6 32. Bb3 Nf5 33. Nxf5 Bxf5
34. Rc7 Bd7 35. Nf7+ 1-0

[Event "Stare Mesto OPEN"]
[Site "?"]
[Date "2004.08.19"]
[Round "8.20"]
[White "Dlugosz, Jedrzej"]
[Black "Steppuhn, Thomas"]
[Result "1/2-1/2"]
[WhiteElo "2270"]
[BlackElo "2151"]
[PlyCount "105"]
[EventDate "2004.??.??"]
[SourceDate "2004.08.19"]

1. e4 e6 2. d4 b6 3. Bd3 Bb7 4. Qe2 f5 5. Nf3 fxe4 6. Bxe4 Bxe4 7. Qxe4 Nc6 8.
O-O Nf6 9. Qe2 Bd6 10. Nbd2 O-O 11. Nc4 Be7 12. Nce5 Nxe5 13. Nxe5 Qe8 14. c4
Rd8 15. Be3 Qh5 16. f3 Bd6 17. Bf2 Qh6 18. Qe3 Qxe3 19. Bxe3 c5 20. Rad1 cxd4
21. Bxd4 Bxe5 22. Bxe5 d5 23. cxd5 Rxd5 24. Rxd5 Nxd5 25. Rc1 Kf7 26. Kf2 g6
27. g4 Ke7 28. h4 Kd7 29. Kg3 h5 30. Bg7 Rc8 31. Rxc8 Kxc8 32. f4 Kd7 33. Kf3
Kd6 34. gxh5 gxh5 35. Ke4 Ke7 36. f5 Nf6+ 37. Kf4 Nh7 38. Bc3 Kf7 39. Ke5 Nf8
40. Bb4 Nd7+ 41. Kd6 Nf8 42. Ke5 Nd7+ 43. Kd6 Nf8 44. fxe6+ Nxe6 45. Kc6 Nd4+
46. Kb7 Nf3 47. Kxa7 Nxh4 48. Kxb6 Ke6 49. Be1 Nf3 50. Bf2 Ne5 51. b3 Nd3 52.
Be3 Nb4 53. Kc5 1/2-1/2

[Event "Stare Mesto OPEN"]
[Site "?"]
[Date "2004.08.19"]
[Round "8.21"]
[White "Neumeier, Lars"]
[Black "Orgon, Dusan"]
[Result "1-0"]
[WhiteElo "2254"]
[BlackElo "2143"]
[PlyCount "85"]
[EventDate "2004.??.??"]
[SourceDate "2004.08.19"]

1. Nf3 d5 2. c4 c6 3. b3 Bf5 4. Bb2 e6 5. e3 Nf6 6. Be2 Nbd7 7. O-O h6 8. d4
Be7 9. Nbd2 O-O 10. Ne1 a5 11. a3 Qb8 12. f4 b5 13. c5 Ne4 14. Ndf3 Bg4 15. Nd3
f5 16. b4 axb4 17. Nxb4 Qb7 18. Qc2 Ra7 19. Bd3 Kh7 20. Rae1 Bh5 21. Kh1 Bd8
22. Rg1 g5 23. fxg5 Nxg5 24. Nxg5+ Bxg5 25. g4 Bg6 26. gxf5 exf5 27. Ref1 Rf6
28. h4 Bxh4 29. Bxf5 Bxf5 30. Rxf5 Kh8 31. Rh5 Bf2 32. Qxf2 Qc8 33. e4 Qf8 34.
Qh4 Re6 35. Rf5 Rf6 36. Rgf1 Rxf5 37. Rxf5 Qg7 38. Nxc6 Ra8 39. Nd8 Nf8 40. Rf7
Ng6 41. Qh2 Rxd8 42. Rxg7 Kxg7 43. Qc7+ 1-0

[Event "Stare Mesto OPEN"]
[Site "?"]
[Date "2004.08.19"]
[Round "8.22"]
[White "Blumel, Otto"]
[Black "Staufcik, Robert"]
[Result "1-0"]
[WhiteElo "2244"]
[BlackElo "2129"]
[PlyCount "47"]
[EventDate "2004.??.??"]
[SourceDate "2004.08.19"]

1. d4 d5 2. Nc3 Nf6 3. e4 Nxe4 4. Nxe4 dxe4 5. f3 exf3 6. Nxf3 Bg4 7. Bc4 e6 8.
O-O Nd7 9. h3 Bf5 10. Ng5 Nf6 11. Rxf5 exf5 12. Bxf7+ Kd7 13. Be6+ Ke8 14. Qf3
Qxd4+ 15. Be3 Qxb2 16. Bf7+ Kd8 17. Rd1+ Bd6 18. Qxf5 Nd7 19. Bd4 Qa3 20. Bxg7
Qe3+ 21. Kh1 Re8 22. Ne6+ Rxe6 23. Bxe6 Nc5 24. Qf8# 1-0

[Event "Stare Mesto OPEN"]
[Site "?"]
[Date "2004.08.19"]
[Round "8.23"]
[White "Borovicka, Bohumil"]
[Black "Symbor, Przemyslav"]
[Result "0-1"]
[WhiteElo "2073"]
[BlackElo "2243"]
[PlyCount "110"]
[EventDate "2004.??.??"]
[SourceDate "2004.08.19"]

1. d4 Nf6 2. Nf3 e6 3. e3 c5 4. Bd3 b6 5. O-O Bb7 6. Nbd2 Be7 7. c3 d6 8. Qe2
Nbd7 9. Re1 O-O 10. e4 e5 11. Nf1 Re8 12. dxe5 dxe5 13. Ng3 a6 14. a4 Qc7 15.
Bg5 h6 16. Be3 Bf8 17. Nh4 Rec8 18. b3 Ne8 19. Nhf5 Ndf6 20. f3 Kh7 21. Bf2 g6
22. Ne3 Rd8 23. Red1 Ng7 24. Bc4 Rdb8 25. Rd2 Bc6 26. Nd5 Nxd5 27. exd5 Bb7 28.
d6 Bxd6 29. Bxf7 e4 30. fxe4 Bxg3 31. Bxg6+ Kxg6 32. Bxg3 Qc8 33. Bxb8 Rxb8 34.
Rd6+ Kh7 35. Qe3 h5 36. Rad1 Qg4 37. Re1 Re8 38. Qh6+ Kg8 39. Rg6 Qd7 40. e5
Bd5 41. Rd6 Qb7 42. Rd1 Be6 43. Rd8 Qe7 44. Qf6 Kh7 45. c4 Rxd8 46. Rxd8 Qb7
47. Qf3 Qc7 48. Qd3+ Bf5 49. Qd6 Qf7 50. Qf6 Qb7 51. Qf8 Qe4 52. Qg8+ Kh6 53.
Rd6+ Bg6 54. Qh8+ Kg5 55. Qxg7 Qe1# 0-1

[Event "Stare Mesto OPEN"]
[Site "?"]
[Date "2004.08.19"]
[Round "8.24"]
[White "Bugalski, Michal"]
[Black "Kolesar, Michal"]
[Result "1-0"]
[WhiteElo "2216"]
[BlackElo "2085"]
[PlyCount "91"]
[EventDate "2004.??.??"]
[SourceDate "2004.08.19"]

1. e4 c5 2. Nc3 Nc6 3. g3 g6 4. Bg2 Bg7 5. d3 d6 6. Nh3 e6 7. O-O Nge7 8. Be3
O-O 9. Qd2 b6 10. Bh6 Bb7 11. Bxg7 Kxg7 12. f4 Qd7 13. Ne2 Nd4 14. Nxd4 cxd4
15. Qf2 Qa4 16. f5 f6 17. Nf4 e5 18. Ne6+ Kg8 19. Nxf8 Rxf8 20. b3 Qd7 21. g4
g5 22. h4 h6 23. Bf3 Rc8 24. hxg5 hxg5 25. Qd2 Rc3 26. Rf2 Nc6 27. a3 a5 28.
Rh2 Qg7 29. Kg2 Nd8 30. Kg3 Nf7 31. Rah1 b5 32. Rh5 Bc6 33. R1h3 Be8 34. Qh2
Kf8 35. Rh7 Qg8 36. Rh8 Nxh8 37. Rxh8 Qxh8 38. Qxh8+ Ke7 39. Qg8 Bf7 40. Qb8
Be8 41. Qa7+ Bd7 42. Qxa5 Rxc2 43. a4 bxa4 44. bxa4 Rc3 45. Be2 Ra3 46. Qd5 1-0

[Event "Stare Mesto OPEN"]
[Site "?"]
[Date "2004.08.19"]
[Round "8.25"]
[White "Krizek, Frantisek"]
[Black "Volodin, Viktor"]
[Result "1-0"]
[WhiteElo "2076"]
[BlackElo "2247"]
[PlyCount "36"]
[EventDate "2004.??.??"]
[SourceDate "2004.08.19"]

1. c4 f5 2. Nc3 Nf6 3. d4 g6 4. b3 Bg7 5. Bb2 O-O 6. e3 d6 7. Nf3 h6 8. Be2
Nbd7 9. Qc2 c6 10. Rd1 Qa5 11. O-O e5 12. Nh4 Kh7 13. g4 e4 14. gxf5 g5 15. Ng2
Nb6 16. f3 Bxf5 17. Nxe4 Bg6 18. Bd3 Kh8 1-0

[Event "Stare Mesto OPEN"]
[Site "?"]
[Date "2004.08.19"]
[Round "8.26"]
[White "Buran, Jaroslav"]
[Black "Foglia, Maurizio"]
[Result "1-0"]
[WhiteElo "2235"]
[BlackElo "2083"]
[PlyCount "121"]
[EventDate "2004.??.??"]
[SourceDate "2004.08.19"]

1. d4 Nf6 2. c4 c5 3. d5 b5 4. f3 bxc4 5. e4 d6 6. Bxc4 Nbd7 7. Ne2 g6 8. O-O
Bg7 9. Nbc3 O-O 10. Ng3 Nb6 11. Be2 e6 12. dxe6 Bxe6 13. f4 Rb8 14. f5 Bc8 15.
Bf4 Ne8 16. e5 gxf5 17. Nh5 d5 18. Nf6+ Bxf6 19. exf6 Rb7 20. Ba6 Rd7 21. Bxc8
Nxc8 22. Qf3 Qxf6 23. Nxd5 Qe6 24. Rad1 Ncd6 25. Qg3+ Kh8 26. Qc3+ f6 27. Qxc5
Rg8 28. Nxf6 Nxf6 29. Qe5 Re8 30. Rxd6 Qxe5 31. Bxe5 Rxe5 32. Rxf6 Re2 33.
R6xf5 Rxb2 34. a4 Ra2 35. Rg5 h6 36. Rg4 Kh7 37. h3 Rg7 38. Rff4 Rxg4 39. Rxg4
h5 40. Rc4 a5 41. Kh2 Ra3 42. Rc5 Rxa4 43. Rxh5+ Kg6 44. Rb5 Ra3 45. h4 Ra2 46.
Kh3 Ra3+ 47. g3 Ra4 48. h5+ Kh6 49. g4 Ra1 50. Kg3 Rg1+ 51. Kf3 Rf1+ 52. Ke3 a4
53. Rb6+ Kg7 54. Ra6 Re1+ 55. Kf4 Ra1 56. Kg5 a3 57. Ra7+ Kf8 58. Kg6 a2 59. g5
Re1 60. Ra8+ Re8 61. Rxa2 1-0

[Event "Stare Mesto OPEN"]
[Site "?"]
[Date "2004.08.19"]
[Round "8.27"]
[White "Stuchly, Radim"]
[Black "Rubal, Adam"]
[Result "0-1"]
[WhiteElo "2066"]
[BlackElo "2227"]
[PlyCount "46"]
[EventDate "2004.??.??"]
[SourceDate "2004.08.19"]

1. e4 c5 2. Nf3 e6 3. d3 Nc6 4. g3 d6 5. Bg2 Nf6 6. O-O Be7 7. Re1 O-O 8. c3
Bd7 9. d4 cxd4 10. Nxd4 Rc8 11. b3 Qa5 12. Bb2 Rfd8 13. c4 Nxd4 14. Bxd4 b5 15.
Nd2 e5 16. Bb2 Bg4 17. f3 Be6 18. cxb5 d5 19. exd5 Rxd5 20. Nc4 Rxc4 21. Qxd5
Bxd5 22. bxc4 Bxc4 23. Rxe5 Bd6 0-1

[Event "Stare Mesto OPEN"]
[Site "?"]
[Date "2004.08.19"]
[Round "8.28"]
[White "Karhanek, Pavel"]
[Black "Lovas, Miroslav"]
[Result "1-0"]
[WhiteElo "2211"]
[BlackElo "2064"]
[PlyCount "129"]
[EventDate "2004.??.??"]
[SourceDate "2004.08.19"]

1. d4 Nf6 2. Bg5 e6 3. e3 c6 4. Nd2 Be7 5. Bd3 h6 6. Bh4 d5 7. f4 Nbd7 8. Ngf3
Ng4 9. Bxe7 Qxe7 10. Qe2 Qb4 11. Rb1 c5 12. c3 Qb6 13. O-O f5 14. h3 Ngf6 15.
Ne5 Nf8 16. g4 g6 17. Kh1 N6d7 18. Bb5 a6 19. Bxd7+ Bxd7 20. gxf5 exf5 21. Qg2
Qe6 22. Nb3 Rg8 23. Nxc5 Qb6 24. Ncxd7 Nxd7 25. Qxd5 O-O-O 26. Qc4+ Qc7 27.
Nxd7 Kxd7 28. Qxc7+ Kxc7 29. Rg1 g5 30. fxg5 hxg5 31. Rg3 Rd7 32. Rf1 Rf7 33.
Rgf3 Rh7 34. Kg2 Rgh8 35. Rg3 g4 36. Rxf5 gxh3+ 37. Kh2 Re8 38. Rff3 Rh6 39.
Rxh3 Rb6 40. Rf7+ Kb8 41. b3 a5 42. Rhf3 Rbe6 43. Kg2 Rxe3 44. Rxe3 Rxe3 45. c4
a4 46. Rf3 Re2+ 47. Rf2 Re3 48. Rb2 a3 49. Rd2 Kc7 50. Kf2 Rh3 51. Ke2 b5 52.
c5 Rh2+ 53. Ke3 Rh3+ 54. Ke4 Rh4+ 55. Kf5 Rh5+ 56. Kg4 Rh1 57. d5 Rb1 58. d6+
Kd8 59. Rh2 Rc1 60. b4 Kd7 61. Rh7+ Kd8 62. Kf5 Rd1 63. Ke6 Kc8 64. Rh8+ Kb7
65. Kd7 1-0

[Event "Stare Mesto OPEN"]
[Site "?"]
[Date "2004.08.19"]
[Round "8.29"]
[White "Kovacik, Emil"]
[Black "Snyta, Zdenek"]
[Result "0-1"]
[WhiteElo "2178"]
[BlackElo "2063"]
[PlyCount "142"]
[EventDate "2004.??.??"]
[SourceDate "2004.08.19"]

1. e4 d5 2. exd5 Nf6 3. Bb5+ Bd7 4. Be2 Nxd5 5. d4 g6 6. c4 Nf6 7. Nf3 Bg7 8.
O-O O-O 9. h3 c6 10. Nc3 Na6 11. Be3 Nc7 12. Qb3 Bc8 13. Rad1 a6 14. d5 cxd5
15. cxd5 b5 16. Rd2 Nce8 17. a4 bxa4 18. Qxa4 Nd6 19. Nd4 Qe8 20. Nc6 Bb7 21.
Bf3 Nd7 22. Bg5 f6 23. Bf4 Ne5 24. Bxe5 fxe5 25. Re1 e6 26. Nxe5 Qxa4 27. Nxa4
Bxe5 28. Nc5 Bf4 29. Rdd1 Bxd5 30. Rxd5 exd5 31. Bxd5+ Kh8 32. g3 Bh6 33. Bxa8
Rxa8 34. Re6 Bf8 35. Nd7 Nc4 36. b3 Nd2 37. Nxf8 Rxf8 38. Rxa6 Nxb3 39. Rd6 Nc5
40. Rd4 Ne6 41. Rd6 Ng5 42. f4 Nxh3+ 43. Kg2 Nxf4+ 44. gxf4 Rxf4 45. Rd7 Kg8
46. Kg3 Rf7 47. Rd8+ Kg7 48. Kg4 h5+ 49. Kg5 Rf5+ 50. Kh4 Rf4+ 51. Kg3 Rb4 52.
Rd6 Kh6 53. Rd5 Rg4+ 54. Kh3 Rg5 55. Rd3 Rf5 56. Kg3 Kg5 57. Kh3 h4 58. Ra3 Kh5
59. Rb3 g5 60. Ra3 g4+ 61. Kg2 Re5 62. Ra2 Kg5 63. Rb2 h3+ 64. Kh2 Kh4 65. Rb1
Re2+ 66. Kh1 Kg3 67. Rg1+ Kf3 68. Rf1+ Rf2 69. Ra1 g3 70. Kg1 Rg2+ 71. Kh1 Rd2
0-1

[Event "Stare Mesto OPEN"]
[Site "?"]
[Date "2004.08.19"]
[Round "8.30"]
[White "Delmont, Jean Robert"]
[Black "Weismann, Lukas"]
[Result "0-1"]
[WhiteElo "2038"]
[BlackElo "2172"]
[PlyCount "44"]
[EventDate "2004.??.??"]
[SourceDate "2004.08.19"]

1. d4 Nf6 2. c4 g6 3. Nc3 Bg7 4. e4 d6 5. f3 O-O 6. Be3 e5 7. Nge2 Nc6 8. Qd2
a6 9. Rd1 Rb8 10. dxe5 Nxe5 11. Nf4 Be6 12. b3 Qe7 13. Be2 Rfd8 14. O-O b6 15.
Nfd5 Nxd5 16. cxd5 Bc8 17. Rc1 Rf8 18. h3 f5 19. Bh6 Bxh6 20. Qxh6 f4 21. h4
Rf6 22. Qg5 h6 0-1

[Event "Stare Mesto OPEN"]
[Site "?"]
[Date "2004.08.20"]
[Round "9.1"]
[White "Lechtynsky, Jiri"]
[Black "Vesselovsky, Serguei"]
[Result "1/2-1/2"]
[WhiteElo "2485"]
[BlackElo "2383"]
[PlyCount "25"]
[EventDate "2004.08.20"]
[SourceDate "2004.08.20"]

1. d4 Nf6 2. Nf3 e6 3. e3 c5 4. Bd3 Nc6 5. O-O d5 6. c4 dxc4 7. Bxc4 a6 8. a3
b5 9. Ba2 Bb7 10. Nc3 Bd6 11. Qe2 O-O 12. Rd1 Qc7 13. h3 1/2-1/2